| 000 | 00776nam a2200217Ia 4500 | ||
|---|---|---|---|
| 001 | 8101 | ||
| 003 | GE_BSU | ||
| 008 | 181216s||||||||xx |||||||||||||| ||und|| | ||
| 040 | _cGE_BSU | ||
| 080 | _a621.01.001(075.8) | ||
| 100 | _aКореняко,А.С. Кременштеин,Л.И. Потровский,С,Д. и др. | ||
| 245 | _aКурсовое проектирование по теории механизмов и машин. | ||
| 245 | _cПод ред. А.С.Кореняко. | ||
| 260 | _aМ.-Л. | ||
| 260 | _bМашиностроение. | ||
| 260 | _c1964. | ||
| 300 | _a324стр.26см.с илл. | ||
| 300 | _eтабл. | ||
| 653 | _aКурсовое проектирование по теории механизмов и машин. | ||
| 942 | _cBK | ||
| 999 |
_c41437 _d41437 |
||